00443nam a2200109Ia 4500008004100000020001500041050002700056100004300083245013300126260005100259300002300310150610s9999 xx 000 0 und d a9715015417 aBX4700b.T5 A5513 1992 aTherese, de Lisieux, Saint, 1873-1897. aStory of a soul:bthe autobiography of St. Therese of Lisieux /ca new translation from the original manuscripts by John Clarke. aPhilippines :bClaretians Publications,c1992. a299pages ;c21 cm.